000 00355nam a22001337a 4500
008 250417b |||||||| |||| 00| 0 eng d
020 _a9782120006
050 _aHD9017
_b.O56
100 _aOJO, M . O
245 _aFood Policy and Economic Development in Nigeria
260 _aLagos
_bPage Publishers Services
_c1991
300 _axviii, 395p.
942 _cBK
999 _c3044
_d3044